新時代‧心王道:創造價值.利益平衡.永續經營 (Record no. 810)

MARC details
000 -記錄標示
fixed length control field 00349nam a2200121Ia 4500
008 - 定長欄資料代碼
fixed length control field 180130s9999||||xx |||||||||||||| ||und||
020 ## - 國際標準書號
價格與相關資訊 NT220
國際標準書號 978-986-320-770-2
100 ## - 主要款目--主要著者
個人姓名 施振榮
245 #0 - 題名及著者敘述項
著者敍述 施振榮
正題名 新時代‧心王道:創造價值.利益平衡.永續經營
250 ## - 版本項
版本敍述 第一版
260 ## - 出版項
出版年 2015.08
出版地 台北市
300 ## - 稽核項
高廣尺寸 cm.
數量(面數, 冊數或其他) p.
942 ## - 附加款目元素 (KOHA)
分類法來源 中文圖書分類法
Koha 館藏類型 一般圖書
Holdings
撤銷狀態 遺失狀態 分類號來源 損壞狀態 不外借 永久館藏地 現在館藏地 採購日期 全部借出 完整索書號 條碼號 最後一次日期記錄 複本號 一般價格有效日期 Koha館藏類型 公開資訊
未註銷館藏 未遺失 中文圖書分類法 未損毀 可外借 怡仁綜合醫院圖書館 怡仁綜合醫院圖書館 2018-01-30   494 C02281 2018-01-30 c.1 2018-01-30 一般圖書 「王道,是我這輩子都在實踐的真理,如同亞里斯多德所說的:『吾愛吾師,吾尤愛真理』。只是,四十年前的我,只能隱約感覺自己走在對的方向;四十年後,它竟成了我謝幕(退休)後,不得不重披戰袍,再登舞台的王牌!」累積四十年的經驗,施振榮希望透過王道,幫助台灣成為華人優質生活典範。
怡仁醫院| 地址:32643桃園市楊梅區楊新北路321巷30號 | 服務專線:03-4855566 | 電子郵件信箱:
Copyright © 1996 CHC Hospital